00432nam a22001332 4500001001100000005001700011008004100028040001500069100003500084245008700119260004000206300001400246650003800260000002544920151217155246.0150922s xx 000 0 eng d aKABUcKABU1 aMbondenyi, Morris.@000018609710aInternational Human Rights and their enforcement in Africa /cby Morris Mbondenyi. aNairobi, Kenya :blawAfrica,c2011. axi, 496p. 0aHuman rightszAfrica.@0000158462